[Event "2BLS 1718 SC Böblingen - SC Eppingen"]
[Site "?"]
[Date "2017.12.10"]
[Round "6.8"]
[White "Schwab, Matthias"]
[Black "Gibicar, Danijel"]
[Result "1/2-1/2"]
[WhiteElo "2150"]
[BlackElo "2261"]
[PlyCount "114"]
[EventDate "2017.??.??"]

1. c4 c5 2. Nc3 g6 3. Nf3 Bg7 4. d4 cxd4 5. Nxd4 Nc6 6. Nc2 Bxc3+ 7. bxc3 Qa5
8. e4 Nf6 9. Qd3 d6 10. f3 Be6 11. Bh6 Nd7 12. Ne3 Nc5 13. Qc2 Rg8 14. Rb1
O-O-O 15. Nd5 Bxd5 16. cxd5 Ne5 17. Be3 a6 18. Be2 Qa4 19. Qxa4 Nxa4 20. O-O
Nd7 21. Rfc1 Nac5 22. Rb4 Kc7 23. a4 b6 24. Ra1 Rb8 25. a5 b5 26. Rab1 Ne5 27.
f4 Ned7 28. Bd4 e5 29. dxe6 fxe6 30. Be3 Nf6 31. Bf3 Nfd7 32. g3 h6 33. Rd1 g5
34. Kf2 gxf4 35. gxf4 Rbf8 36. Rbd4 Nb7 37. c4 e5 38. Rd5 bxc4 39. f5 Nf6 40.
Bb6+ Kc6 41. R5d2 d5 42. Rc2 Nd6 43. exd5+ Kd7 44. Rg1 e4 45. Rxg8 Rxg8 46. Be2
Ng4+ 47. Ke1 Ne5 48. f6 Nd3+ 49. Kd2 Nb4 50. Rxc4 Nxc4+ 51. Bxc4 Kd6 52. Kc3
Nxd5+ 53. Kd4 Nxf6 54. Bxg8 Nxg8 55. Kxe4 Ke6 56. Kd4 Kd6 57. Ke4 Ke6 1/2-1/2

[Event "2BLS 1718 TSV Schönaich - SC Untergrom"]
[Site "?"]
[Date "2017.12.10"]
[Round "6.1"]
[White "Brunner, Nicolas"]
[Black "Ivanisevic, Ivan"]
[Result "0-1"]
[WhiteElo "2449"]
[BlackElo "2571"]
[PlyCount "98"]
[EventDate "2017.??.??"]

1. d4 Nf6 2. c4 e6 3. Nc3 Bb4 4. Nf3 c5 5. g3 cxd4 6. Nxd4 Qc7 7. Bg2 Qxc4 8.
O-O Nc6 9. Ndb5 O-O 10. Bg5 d5 11. Rc1 Qg4 12. Bxf6 gxf6 13. e4 Qxd1 14. Rfxd1
dxe4 15. Nxe4 f5 16. Nc5 Rb8 17. Bxc6 bxc6 18. Nxa7 Bxc5 19. Rxc5 Rxb2 20. a4
Ba6 21. Nxc6 Kg7 22. Ne5 Re2 23. Rd7 Re1+ 24. Kg2 Bf1+ 25. Kf3 Kf6 26. Nd3 Ra1
27. a5 Ra3 28. Ke3 Ra8 29. f4 Kg6 30. h4 Kh5 31. Kd2 Bxd3 32. Rxd3 R8xa5 33.
Rc7 Ra7 34. Rxa7 Rxa7 35. Rd8 Kg4 36. Rg8+ Kf3 37. Rg7 h6 38. h5 Rc7 39. Kd3
Rd7+ 40. Kc4 Rd1 41. Rxf7 Kxg3 42. Rf6 Kxf4 43. Rxh6 e5 44. Rh8 e4 45. h6 Rh1
46. h7 Ke3 47. Rf8 Rxh7 48. Rxf5 Ke2 49. Kc3 e3 0-1

[Event "2BLS 1718 TSV Schönaich - SC Untergrom"]
[Site "?"]
[Date "2017.12.10"]
[Round "6.2"]
[White "Bosiocic, Marin"]
[Black "Velten, Paul"]
[Result "0-1"]
[WhiteElo "2624"]
[BlackElo "2456"]
[PlyCount "130"]
[EventDate "2017.??.??"]

1. d4 Nf6 2. c4 e6 3. Nf3 d5 4. g3 Bb4+ 5. Bd2 Be7 6. Bg2 O-O 7. O-O c6 8. Qc2
b6 9. Ne5 Bb7 10. Bc3 Nbd7 11. Nxd7 Qxd7 12. Nd2 Rac8 13. Rfd1 Ba6 14. b3 Rfd8
15. Rac1 Qe8 16. e3 c5 17. dxc5 Rxc5 18. b4 Rc7 19. b5 Bb7 20. Qa4 Nd7 21. cxd5
Bxd5 22. Bxd5 exd5 23. Qg4 Bf6 24. Bxf6 Nxf6 25. Qa4 Rdc8 26. Rxc7 Rxc7 27. Nf3
Ne4 28. Re1 Nc3 29. Qf4 Nxb5 30. e4 Re7 31. e5 Nc7 32. Rc1 Ne6 33. Qb4 Rd7 34.
Rc6 d4 35. Rd6 Qd8 36. Nxd4 Rxd6 37. exd6 Nc5 38. Nf5 Qd7 39. Qg4 f6 40. Qc4+
Kf8 41. Qd5 Qb7 42. Qd1 Qd7 43. Qf3 g6 44. Ne3 Kg7 45. Qf4 Nb7 46. Qd4 Nxd6 47.
Qd5 Qe7 48. a4 Nf7 49. h4 h5 50. Nc2 Qd6 51. Qe4 Ne5 52. Nb4 Qd1+ 53. Kg2 Qxa4
54. f4 Nf7 55. Qe1 Qb5 56. Qe4 Qd7 57. Nc6 Qb7 58. Kf3 Nd6 59. Qc2 Nf5 60. Kf2
a5 61. Qc4 Qf7 62. Qc3 Qd5 63. Kg1 a4 64. Kh2 Qb3 65. Qxb3 axb3 0-1

[Event "2BLS 1718 TSV Schönaich - SC Untergrom"]
[Site "?"]
[Date "2017.12.10"]
[Round "6.3"]
[White "Rogic, Davor"]
[Black "Saric, Ante"]
[Result "1/2-1/2"]
[WhiteElo "2506"]
[BlackElo "2540"]
[PlyCount "46"]
[EventDate "2017.??.??"]

1. e4 e6 2. d4 d5 3. Nd2 c5 4. Ngf3 cxd4 5. exd5 Qxd5 6. Bc4 Qd6 7. O-O Nf6 8.
Nb3 Nc6 9. Nbxd4 Nxd4 10. Qxd4 Qxd4 11. Nxd4 Bd7 12. Bf4 Rc8 13. Bb3 Bc5 14.
Rad1 O-O 15. Rfe1 a5 16. a4 Rfd8 17. c3 Be8 18. h3 h6 19. Be5 Nd5 20. Nb5 Bc6
21. Nd4 Be8 22. Nb5 Bc6 23. Nd4 Be8 1/2-1/2

[Event "2BLS 1718 TSV Schönaich - SC Untergrom"]
[Site "?"]
[Date "2017.12.10"]
[Round "6.4"]
[White "Hirneise, Tobias"]
[Black "Maier, Christian"]
[Result "1/2-1/2"]
[WhiteElo "2466"]
[BlackElo "2393"]
[PlyCount "117"]
[EventDate "2017.??.??"]

1. e4 e5 2. Nf3 Nc6 3. Bc4 Bc5 4. c3 Nf6 5. d3 a6 6. O-O Ba7 7. a4 O-O 8. Re1
d6 9. Na3 Ne7 10. Nc2 Ng6 11. Be3 Bxe3 12. Nxe3 h6 13. a5 Be6 14. Bxe6 fxe6 15.
Qb3 Qd7 16. Rad1 Nh5 17. Nd2 Nhf4 18. Ndf1 Qf7 19. Qc2 Nh4 20. Kh1 Qg6 21. f3
Rf6 22. Ng3 Raf8 23. Rf1 Qg5 24. Qd2 h5 25. d4 Nhg6 26. dxe5 Nxe5 27. Ne2 h4
28. Nxf4 Rxf4 29. h3 Nd7 30. b4 Nf6 31. Qa2 Qe5 32. Rfe1 Re8 33. Qd2 Nh5 34.
Ng4 Qg5 35. c4 Qe7 36. e5 Rd8 37. Qd3 Qf7 38. Qe3 Rd7 39. exd6 Rxd6 40. Ne5 Qf5
41. b5 axb5 42. cxb5 Rb4 43. a6 Rxd1 44. Rxd1 Rb1 45. Re1 bxa6 46. bxa6 Qf4 47.
Qf2 Ng3+ 48. Kg1 Qb4 49. Nd3 Rxe1+ 50. Nxe1 Qa5 51. a7 c5 52. a8=Q+ Qxa8 53.
Qxc5 Qa6 54. Qf2 Qc4 55. Kh2 Ne2 56. Qe3 Ng3 57. Qf2 Qf4 58. Kg1 Qc4 59. Kh2
1/2-1/2

[Event "2BLS 1718 TSV Schönaich - SC Untergrom"]
[Site "?"]
[Date "2017.12.10"]
[Round "6.5"]
[White "Fuchs, Heinz"]
[Black "Danin, Alexandre"]
[Result "0-1"]
[WhiteElo "2267"]
[BlackElo "2541"]
[PlyCount "86"]
[EventDate "2017.??.??"]

1. d4 Nf6 2. c4 g6 3. Nc3 d5 4. cxd5 Nxd5 5. e4 Nxc3 6. bxc3 Bg7 7. Nf3 c5 8.
Be3 Qa5 9. Qd2 O-O 10. Rc1 Rd8 11. d5 e6 12. Bg5 f6 13. Be3 Nc6 14. Bd3 b6 15.
c4 Qxd2+ 16. Kxd2 Nb4 17. Bb1 f5 18. Bg5 Rd7 19. exf5 exd5 20. fxg6 dxc4+ 21.
Ke2 hxg6 22. a3 Nd5 23. Bxg6 Ba6 24. Kf1 Rf8 25. h4 Nf4 26. Bxf4 Rxf4 27. Kg1
Bh6 28. Re1 c3 29. h5 Rxf3 30. gxf3 Bd3 31. Kg2 c2 32. f4 Bxf4 33. Bxd3 Rxd3
34. h6 Rd7 35. Kf3 Bd2 36. Rc1 Bxc1 37. Rxc1 Rd3+ 38. Ke4 Rd4+ 39. Ke5 Rd2 40.
f4 b5 41. f5 b4 42. axb4 cxb4 43. f6 b3 0-1

[Event "2BLS 1718 TSV Schönaich - SC Untergrom"]
[Site "?"]
[Date "2017.12.10"]
[Round "6.6"]
[White "Volke, Karsten"]
[Black "Sieglen, Joachim"]
[Result "1/2-1/2"]
[WhiteElo "2474"]
[BlackElo "2217"]
[PlyCount "29"]
[EventDate "2017.??.??"]

1. Nf3 d5 2. g3 Nf6 3. Bg2 c6 4. O-O Bg4 5. d3 Nbd7 6. h3 Bh5 7. Qe1 e5 8. e4
dxe4 9. dxe4 Bc5 10. Nbd2 O-O 11. Nb3 Bb6 12. Nh4 a5 13. Be3 a4 14. Nd2 Bxe3
15. Qxe3 1/2-1/2

[Event "2BLS 1718 TSV Schönaich - SC Untergrom"]
[Site "?"]
[Date "2017.12.10"]
[Round "6.7"]
[White "Schneider, Bernd"]
[Black "Hirneise, Jens"]
[Result "0-1"]
[WhiteElo "2278"]
[BlackElo "2372"]
[PlyCount "174"]
[EventDate "2017.??.??"]

1. c4 g6 2. Nc3 Bg7 3. g3 c5 4. Bg2 Nc6 5. d3 d6 6. Bd2 Nf6 7. Rb1 O-O 8. a3 a5
9. Nh3 Bd7 10. Nf4 e6 11. h4 h6 12. Ne4 Nxe4 13. Bxe4 Rb8 14. Bc3 e5 15. Nd5 b5
16. cxb5 Rxb5 17. e3 Ne7 18. a4 Rb8 19. Nxe7+ Qxe7 20. Bxa5 Be6 21. Bc6 Ba2 22.
e4 Rfc8 23. Bb5 Bxb1 24. Qxb1 Rxb5 25. axb5 Qd7 26. Bc3 Qxb5 27. O-O Ra8 28.
Qd1 h5 29. Kh2 Qa4 30. Qe2 Qb3 31. Rg1 Ra2 32. Qd1 Qe6 33. Kg2 Kh7 34. Re1 Ra8
35. Qf3 Ra7 36. Bd2 Kg8 37. Rc1 Ra2 38. Bc3 Bh6 39. Rb1 Bf8 40. Qd1 Qc8 41. Qb3
Qa8 42. Rf1 Ra4 43. f3 Bh6 44. Kf2 Qa7 45. Qd5 Bf8 46. Kg2 Qa8 47. Qxa8 Rxa8
48. Kf2 f5 49. Ke2 Kf7 50. f4 exf4 51. Rxf4 Ke6 52. Rf1 d5 53. exd5+ Kxd5 54.
Kf3 Bd6 55. Re1 Ra4 56. Bd2 Rd4 57. Ke2 Bxg3 58. Rg1 Rg4 59. Bg5 Be5 60. Ra1
Rg2+ 61. Kf3 Rxb2 62. Ra6 Bd6 63. Bf6 Rb4 64. Ra8 Rf4+ 65. Ke3 Rg4 66. Rd8 Rg3+
67. Ke2 Ke6 68. Bg5 Rg4 69. Rc8 f4 70. Re8+ Kf5 71. Rd8 Ke6 72. Re8+ Kf7 73.
Rd8 Be5 74. Rd5 Bf6 75. Rxc5 Bxg5 76. hxg5 Rg3 77. Rc4 Rxg5 78. Rxf4+ Rf5 79.
Rh4 Kf6 80. Ke3 Kg5 81. Rh1 h4 82. d4 Kg4 83. Rg1+ Kh5 84. Ke4 Rf8 85. d5 g5
86. Ra1 h3 87. Ke5 g4 0-1

[Event "2BLS 1718 TSV Schönaich - SC Untergrom"]
[Site "?"]
[Date "2017.12.10"]
[Round "6.8"]
[White "Kuebler, Marcus"]
[Black "Cofman, Veaceslav"]
[Result "0-1"]
[WhiteElo "2007"]
[BlackElo "2185"]
[PlyCount "72"]
[EventDate "2017.??.??"]

1. Nf3 d5 2. c4 e6 3. g3 Nf6 4. Bg2 Be7 5. d4 O-O 6. O-O dxc4 7. Ne5 Nc6 8.
Nxc6 bxc6 9. Qa4 Qxd4 10. Nc3 Qb6 11. Qxc4 Nd5 12. Na4 Qb5 13. Qc2 Nb4 14. Qd1
Rd8 15. Nc3 Qc4 16. Qa4 Ba6 17. Qa5 Nd5 18. Bf3 Bb4 19. Qa4 Nxc3 20. bxc3 Bxc3
21. Qxc4 Bxc4 22. Rb1 Bxa2 23. Rb7 Bd5 24. Be3 a5 25. Bc5 a4 26. Rc1 a3 27. e4
Bc4 28. Rxc3 a2 29. Rxc4 a1=Q+ 30. Kg2 h6 31. e5 Qxe5 32. Be3 Rdb8 33. Bf4 Qa1
34. Rxc7 Rb1 35. Be3 Rg1+ 36. Kh3 Qf1+ 0-1

[Event "2BLS 1718 SV Griesheim - FB Mörlenbach"]
[Site "?"]
[Date "2017.12.10"]
[Round "6.1"]
[White "Kunin, Vitaly"]
[Black "Grabarczyk, Miroslaw"]
[Result "1-0"]
[WhiteElo "2541"]
[BlackElo "2412"]
[PlyCount "47"]
[EventDate "2017.??.??"]

1. d4 d5 2. c4 e6 3. Nc3 Nf6 4. Nf3 Be7 5. Qc2 O-O 6. Bg5 Nbd7 7. O-O-O dxc4 8.
e4 Nb6 9. h4 h6 10. Bf4 Bd7 11. Ne5 c5 12. dxc5 Bxc5 13. g4 Qe8 14. g5 Nh5 15.
Nxd7 Nxd7 16. Bh2 hxg5 17. hxg5 Qe7 18. Kb1 g6 19. Be2 Ng7 20. Qd2 Nb6 21. Be5
Rfd8 22. Qf4 Rxd1+ 23. Bxd1 Rd8 24. Bxg7 1-0

[Event "2BLS 1718 SV Griesheim - FB Mörlenbach"]
[Site "?"]
[Date "2017.12.10"]
[Round "6.2"]
[White "Bulski, Krzysztof"]
[Black "Galdunts, Sergey"]
[Result "1-0"]
[WhiteElo "2534"]
[BlackElo "2423"]
[PlyCount "119"]
[EventDate "2017.??.??"]

1. e4 e5 2. Nf3 Nc6 3. Bb5 a6 4. Ba4 Nf6 5. O-O Be7 6. d3 b5 7. Bb3 d6 8. c3
O-O 9. Re1 Na5 10. Bc2 c5 11. Nbd2 Re8 12. Nf1 Bf8 13. Bg5 h6 14. Bxf6 Qxf6 15.
Ne3 Bb7 16. a4 Qd8 17. Nd5 Nc6 18. Bb3 Ne7 19. Ne3 Qd7 20. Qb1 g6 21. Qa2 Nc8
22. h4 Nb6 23. a5 Nc8 24. h5 Kg7 25. Nh4 Ra7 26. g3 Bc6 27. Kh2 Qd8 28. Rf1 Qg5
29. hxg6 fxg6 30. Rae1 Qh5 31. Bd1 Qg5 32. f4 Qd8 33. f5 g5 34. f6+ Kh7 35.
Nhg2 c4 36. dxc4 Bxe4 37. cxb5 axb5 38. b4 d5 39. Bc2 Bxc2 40. Qxc2+ e4 41. Qf2
Qd7 42. Rd1 Re5 43. Qe2 Kh8 44. Ng4 Re6 45. N2e3 h5 46. Rxd5 Qe8 47. Ne5 Nd6
48. f7 Nxf7 49. Nxf7+ Rxf7 50. Rxf7 Qxf7 51. Rf5 Qg7 52. Kg2 h4 53. Qh5+ Rh6
54. Qxg5 Bd6 55. Qxg7+ Kxg7 56. gxh4 Rxh4 57. Rxb5 Rh2+ 58. Kg1 Kf7 59. Nc4 Bg3
60. Rg5 1-0

[Event "2BLS 1718 SV Griesheim - FB Mörlenbach"]
[Site "?"]
[Date "2017.12.10"]
[Round "6.3"]
[White "Dittmar, Peter"]
[Black "Tazbir, Marcin"]
[Result "1/2-1/2"]
[WhiteElo "2280"]
[BlackElo "2518"]
[PlyCount "116"]
[EventDate "2017.??.??"]

1. e4 Nf6 2. e5 Nd5 3. g3 d6 4. exd6 Qxd6 5. Bg2 g6 6. Ne2 Bg7 7. O-O O-O 8. d4
Nb6 9. Bf4 Qd8 10. c3 N8d7 11. Qc1 Re8 12. Na3 c6 13. Bh6 Bh8 14. Re1 e5 15.
Bg5 Qc7 16. Nf4 Nf8 17. dxe5 Rxe5 18. Nd3 Rxe1+ 19. Qxe1 Bf5 20. Bf4 Qc8 21.
Nc5 Ne6 22. Nxe6 Qxe6 23. Qd1 Be4 24. Qb3 Qf5 25. Bxe4 Qxe4 26. Nc2 Bf6 27. Re1
Qa4 28. Be5 Kg7 29. Nd4 Qxb3 30. axb3 a5 31. Bxf6+ Kxf6 32. Ra1 a4 33. Ra3 Ra6
34. Kf1 Ke5 35. Ke2 Kd6 36. Nf3 h6 37. h4 c5 38. Nd2 Kc6 39. c4 h5 40. Kd3 Ra8
41. Ra1 Rd8+ 42. Kc3 axb3 43. Nxb3 Re8 44. Ra5 Nd7 45. Nc1 Nf6 46. Nd3 Ne4+ 47.
Kc2 Re7 48. b4 b6 49. b5+ Kb7 50. Ra2 Nd6 51. Kb3 Re4 52. Rc2 Nf5 53. Ra2 Nd4+
54. Kc3 Ne6 55. Ra1 Re2 56. Re1 Ra2 57. Kb3 Rd2 58. Kc3 Ra2 1/2-1/2

[Event "2BLS 1718 SV Griesheim - FB Mörlenbach"]
[Site "?"]
[Date "2017.12.10"]
[Round "6.4"]
[White "Jarmula, Lukasz"]
[Black "Legde, Georg"]
[Result "1-0"]
[WhiteElo "2463"]
[BlackElo "2324"]
[PlyCount "111"]
[EventDate "2017.??.??"]

1. e4 c5 2. Nf3 e6 3. d4 cxd4 4. Nxd4 Nf6 5. Nc3 Nc6 6. Nxc6 bxc6 7. e5 Nd5 8.
Ne4 Qc7 9. f4 Qb6 10. c4 Bb4+ 11. Ke2 f5 12. exf6 Nxf6 13. Be3 Qd8 14. Nd6+
Bxd6 15. Qxd6 Bb7 16. Rd1 Rc8 17. Bxa7 c5 18. Bb6 Qe7 19. Qxe7+ Kxe7 20. a3 Ne4
21. Ke3 d5 22. Bd3 Nf6 23. Ba5 Rhf8 24. Rhf1 g6 25. g3 Ng4+ 26. Kd2 Nxh2 27.
Rh1 Nf3+ 28. Ke3 d4+ 29. Ke2 Rf7 30. Rdf1 e5 31. fxe5 Ke6 32. b4 Rcf8 33. bxc5
Nxe5 34. Rxf7 Rxf7 35. Rb1 Bf3+ 36. Kd2 Bc6 37. Re1 Rf2+ 38. Re2 Rf3 39. Bb1 d3
40. Re1 Kf5 41. g4+ Nxg4 42. Bxd3+ Kf6 43. Bd8+ Kf7 44. Re7+ Kf8 45. Be2 Rxa3
46. Re6 Ra2+ 47. Kc3 Nf2 48. Rxc6 Rxe2 49. Rc8 Ke8 50. Bb6+ Kd7 51. Rd8+ Kc6
52. Rd6+ Kb7 53. Rd7+ Kc8 54. c6 Ne4+ 55. Kb3 Rd2 56. Ra7 1-0

[Event "2BLS 1718 SV Griesheim - FB Mörlenbach"]
[Site "?"]
[Date "2017.12.10"]
[Round "6.5"]
[White "Boehmer, Christian"]
[Black "Walter, Stefan"]
[Result "0-1"]
[WhiteElo "2173"]
[BlackElo "2395"]
[PlyCount "52"]
[EventDate "2017.??.??"]

1. e4 e5 2. Bc4 Nf6 3. d3 Nc6 4. Nc3 Be7 5. f4 O-O 6. Nf3 exf4 7. Bxf4 Na5 8.
Bb3 Nxb3 9. axb3 d5 10. Nxd5 Nxd5 11. exd5 Qxd5 12. O-O Bf6 13. Qc1 Bg4 14. Kh1
Rfe8 15. Qd2 c5 16. Rab1 Re6 17. Ng1 Rae8 18. Rfe1 h6 19. Rxe6 Rxe6 20. b4 Qa2
21. Re1 cxb4 22. Rxe6 Bxe6 23. Qxb4 Qxb2 24. Qa4 Bd4 25. Ne2 Qb1+ 26. Nc1 Bb2
0-1

[Event "2BLS 1718 SV Griesheim - FB Mörlenbach"]
[Site "?"]
[Date "2017.12.10"]
[Round "6.6"]
[White "Spitzl, Vinzent"]
[Black "Klings, Peter"]
[Result "1-0"]
[WhiteElo "2287"]
[BlackElo "2153"]
[PlyCount "99"]
[EventDate "2017.??.??"]

1. e4 c6 2. Nc3 d5 3. Nf3 dxe4 4. Nxe4 Nf6 5. Qe2 Bf5 6. Nxf6+ gxf6 7. d4 e6 8.
c3 Bd6 9. Nh4 Bg6 10. g3 Nd7 11. Bg2 Qe7 12. Be3 f5 13. Nxg6 hxg6 14. a4 g5 15.
b4 a6 16. O-O f4 17. Bd2 Nf6 18. b5 Qc7 19. bxc6 bxc6 20. Qf3 Kd7 21. h3 Rab8
22. c4 Bb4 23. Bxb4 Rxb4 24. Qc3 Rhb8 25. d5 Ke7 26. dxc6 Rb3 27. Qd4 f3 28.
Qc5+ Qd6 29. Qa7+ Kf8 30. c7 Rc8 31. Bxf3 Qxc7 32. Qxc7 Rxc7 33. Be2 Ne4 34.
Rfe1 Nc3 35. Bf1 a5 36. Re5 Ra7 37. Rxg5 Rb4 38. Rc1 Ne4 39. Rb5 Rxa4 40. Bg2
Nd6 41. Rb8+ Kg7 42. c5 Rc4 43. Rxc4 Nxc4 44. c6 a4 45. Rb7 Ra5 46. Bf1 Nd2 47.
c7 Rc5 48. Be2 Ne4 49. Ra7 Nc3 50. Ba6 1-0

[Event "2BLS 1718 SV Griesheim - FB Mörlenbach"]
[Site "?"]
[Date "2017.12.10"]
[Round "6.7"]
[White "Felgendreher, Heiko"]
[Black "Koehler, Ronald"]
[Result "1/2-1/2"]
[WhiteElo "2183"]
[BlackElo "2266"]
[PlyCount "38"]
[EventDate "2017.??.??"]

1. e4 c5 2. Nf3 Nc6 3. d4 cxd4 4. Nxd4 Nf6 5. Nc3 e5 6. Ndb5 d6 7. Bg5 a6 8.
Na3 b5 9. Nd5 Be7 10. Bxf6 Bxf6 11. c4 Nd4 12. cxb5 Bb7 13. b6 Bxd5 14. exd5
Qxb6 15. Qa4+ Ke7 16. Bc4 Rhe8 17. O-O Kf8 18. Rfe1 e4 19. Bf1 a5 1/2-1/2

[Event "2BLS 1718 SV Griesheim - FB Mörlenbach"]
[Site "?"]
[Date "2017.12.10"]
[Round "6.8"]
[White "de Visser, Leon"]
[Black "Schaefer, Michael"]
[Result "1/2-1/2"]
[WhiteElo "2205"]
[BlackElo "2159"]
[PlyCount "144"]
[EventDate "2017.??.??"]

1. c4 e6 2. g3 d5 3. Bg2 Nf6 4. Nf3 Be7 5. O-O O-O 6. b3 c5 7. cxd5 Nxd5 8. Bb2
Nc6 9. d4 cxd4 10. Nxd4 Nxd4 11. Bxd4 Bd7 12. e4 Nb4 13. Nc3 Nc6 14. Be3 Nb8
15. Qe2 Bc6 16. Nb5 Qa5 17. Nd4 Bf6 18. Rfd1 Bxd4 19. Bxd4 e5 20. Be3 Nd7 21.
Rac1 Rfd8 22. Qb2 Nf6 23. f3 Qc7 24. Rxd8+ Rxd8 25. Bf1 a6 26. a4 Qd6 27. Be2
Re8 28. Qc3 Nd7 29. Rd1 Qf6 30. Qb4 h6 31. Qd6 Qxd6 32. Rxd6 Re6 33. Rxe6 fxe6
34. h4 Kf7 35. g4 Nf8 36. Kf2 Nh7 37. Bd2 Nf8 38. Bf1 Nd7 39. Bb4 Kf6 40. Ke3
Kf7 41. g5 hxg5 42. hxg5 Kg6 43. Be7 Kf7 44. Bd6 Kg6 45. Bh3 Kf7 46. Kd3 Kg6
47. Bxe6 Kxg5 48. Ke3 Kf6 49. Bh3 g6 50. Kf2 a5 51. Ke3 b5 52. axb5 Bxb5 53. f4
exf4+ 54. Kxf4 g5+ 55. Ke3 a4 56. bxa4 Bxa4 57. Kd4 Bc6 58. e5+ Nxe5 59. Bxe5+
Ke7 60. Kc5 Bd7 61. Bd6+ Ke8 62. Bg2 Kf7 63. Kd5 Bf5 64. Ke5 Bc2 65. Bc6 Bb1
66. Bd7 Bc2 67. Bc5 Bb1 68. Be3 Bc2 69. Bxg5 Bb1 70. Be6+ Kg6 71. Bf6 Bc2 72.
Bd7 Kf7 1/2-1/2

[Event "2BLS 1718 SC Heusenstamm - SC Viernheim"]
[Site "?"]
[Date "2017.12.10"]
[Round "6.1"]
[White "Kryvoruchko, Yuriy"]
[Black "Sadzikowski, Daniel"]
[Result "1-0"]
[WhiteElo "2689"]
[BlackElo "2584"]
[PlyCount "65"]
[EventDate "2017.??.??"]

1. d4 Nf6 2. Bf4 e6 3. Nf3 c5 4. e3 Nc6 5. Nbd2 d5 6. c3 Be7 7. h3 Bd6 8. Ne5
O-O 9. Bd3 Qc7 10. Ndf3 h6 11. g4 Nd7 12. g5 Ncxe5 13. dxe5 Nxe5 14. Bxe5 Bxe5
15. gxh6 g6 16. h4 d4 17. h5 g5 18. Nxg5 dxe3 19. fxe3 Bg3+ 20. Kf1 f5 21. Rg1
Kh8 22. Qf3 Be5 23. Nh3 Bd7 24. Nf4 Rg8 25. Rg6 c4 26. Bc2 Bc6 27. Qg3 Kh7 28.
Qg5 Bxf4 29. exf4 Qf7 30. Re1 Bd5 31. Rf6 Bg2+ 32. Kf2 Qc7 33. Rxf5 1-0

[Event "2BLS 1718 SC Heusenstamm - SC Viernheim"]
[Site "?"]
[Date "2017.12.10"]
[Round "6.2"]
[White "Khenkin, Igor"]
[Black "Amin, Bassem"]
[Result "1/2-1/2"]
[WhiteElo "2554"]
[BlackElo "2689"]
[PlyCount "37"]
[EventDate "2017.??.??"]

1. d4 Nf6 2. c4 g6 3. Nc3 Bg7 4. e4 d6 5. Nf3 O-O 6. Be2 e5 7. d5 a5 8. Bg5 h6
9. Be3 Ng4 10. Bc1 f5 11. exf5 gxf5 12. g3 Na6 13. Nh4 Nc5 14. O-O e4 15. Bxg4
fxg4 16. Be3 Bd7 17. Bxc5 dxc5 18. Nxe4 Bd4 19. Qc2 1/2-1/2

[Event "2BLS 1718 SC Heusenstamm - SC Viernheim"]
[Site "?"]
[Date "2017.12.10"]
[Round "6.3"]
[White "Smirin, Ilia"]
[Black "Wieczorek, Oskar"]
[Result "1/2-1/2"]
[WhiteElo "2615"]
[BlackElo "2463"]
[PlyCount "71"]
[EventDate "2017.??.??"]

1. e4 c5 2. Nf3 d6 3. d4 cxd4 4. Nxd4 Nf6 5. Nc3 Nc6 6. Bg5 Bd7 7. Qd2 Rc8 8.
Nb3 a6 9. Be2 e6 10. O-O b5 11. a4 b4 12. Bxf6 Qxf6 13. Nd1 a5 14. Bb5 Be7 15.
Ne3 O-O 16. Nc4 Rcd8 17. Rfe1 Be8 18. Bxc6 Bxc6 19. Ncxa5 Ba8 20. Nd4 Rc8 21.
Rad1 Rfd8 22. Qd3 Bf8 23. Qa6 Re8 24. Nc4 Bb7 25. Qxb7 Rxc4 26. Qb6 e5 27. Ne2
Rec8 28. c3 Rxe4 29. a5 Qe6 30. cxb4 d5 31. Qb7 Rxb4 32. Qxd5 Qxd5 33. Rxd5
Rxb2 34. Rxe5 f6 35. Re3 Rd2 36. Nf4 1/2-1/2

[Event "2BLS 1718 SC Heusenstamm - SC Viernheim"]
[Site "?"]
[Date "2017.12.10"]
[Round "6.4"]
[White "Poetsch, Hagen"]
[Black "Kovalenko, Igor"]
[Result "1/2-1/2"]
[WhiteElo "2485"]
[BlackElo "2639"]
[PlyCount "114"]
[EventDate "2017.??.??"]

1. e4 c5 2. Nf3 d6 3. d4 cxd4 4. Nxd4 Nf6 5. Nc3 a6 6. Bg5 Nbd7 7. Bc4 Qb6 8.
O-O Qc5 9. Bd5 e6 10. Re1 Ne5 11. f4 Be7 12. Na4 Qc7 13. fxe5 dxe5 14. Bb3 exd4
15. e5 Nd5 16. Bxe7 Nxe7 17. Qxd4 Bd7 18. Nb6 Rd8 19. Rad1 Bb5 20. Qxd8+ Qxd8
21. Rxd8+ Kxd8 22. a4 Be8 23. Rd1+ Kc7 24. Na8+ Kc8 25. Nb6+ Kc7 26. Na8+ Kc8
27. Nb6+ Kb8 28. a5 Bb5 29. c4 Bc6 30. Bc2 Kc7 31. Rf1 Rf8 32. g4 h6 33. b4 f5
34. gxf5 exf5 35. Rd1 Rd8 36. Rxd8 Kxd8 37. Bd3 g5 38. b5 Be8 39. Kf2 f4 40.
Be4 axb5 41. cxb5 Kc7 42. Bd3 g4 43. Na4 Bf7 44. Be4 Bd5 45. Nc5 b6 46. Bxd5
Nxd5 47. Ne6+ Kc8 48. a6 h5 49. Nd4 h4 50. h3 gxh3 51. e6 Nc7 52. Kf3 Kd8 53.
Nc6+ Ke8 54. a7 Na8 55. Kf2 Kf8 56. Kf3 Ke8 57. Kf2 Kf8 1/2-1/2

[Event "2BLS 1718 SC Heusenstamm - SC Viernheim"]
[Site "?"]
[Date "2017.12.10"]
[Round "6.5"]
[White "Fedorchuk, Sergey"]
[Black "Polak, Tomas"]
[Result "1/2-1/2"]
[WhiteElo "2648"]
[BlackElo "2512"]
[PlyCount "78"]
[EventDate "2017.??.??"]

1. e4 e5 2. Nf3 Nf6 3. Nxe5 d6 4. Nf3 Nxe4 5. Nc3 Nf6 6. d4 Be7 7. Bd3 O-O 8.
O-O Bg4 9. h3 Bh5 10. g4 Bg6 11. Nh4 d5 12. Nxg6 fxg6 13. g5 Nh5 14. Qg4 Nc6
15. a3 Bd6 16. Nxd5 Bh2+ 17. Kxh2 Qxd5 18. Be3 Qd6+ 19. Kh1 Nf4 20. Be4 Rae8
21. Bf3 Rf7 22. Rad1 Kh8 23. c4 Na5 24. Rfe1 Ref8 25. c5 Qd8 26. Be4 Nd5 27.
Re2 Nc6 28. f3 Nce7 29. Bc1 c6 30. h4 Nf5 31. Kg1 Kg8 32. h5 gxh5 33. Qxh5 g6
34. Qg4 Ng7 35. Rh2 Nh5 36. Kf1 Re7 37. Kg1 Ref7 38. Rh4 Re7 39. Rh2 Ref7
1/2-1/2

[Event "2BLS 1718 SC Heusenstamm - SC Viernheim"]
[Site "?"]
[Date "2017.12.10"]
[Round "6.6"]
[White "Klekowski, Maciej"]
[Black "Abergel, Thal"]
[Result "1-0"]
[WhiteElo "2498"]
[BlackElo "2464"]
[PlyCount "85"]
[EventDate "2017.??.??"]

1. c4 e5 2. Nc3 Nf6 3. g3 d5 4. cxd5 Nxd5 5. Bg2 Nb6 6. e3 Nc6 7. Nge2 h5 8. d4
h4 9. d5 Ne7 10. e4 hxg3 11. hxg3 Rxh1+ 12. Bxh1 Bg4 13. Be3 Qd7 14. Qb3 Nec8
15. f3 Bh5 16. g4 Bg6 17. a4 a5 18. Nc1 Bb4 19. Nd3 Qd6 20. Ke2 c6 21. Rd1 Nd7
22. dxc6 bxc6 23. Na2 Qb8 24. Ndxb4 axb4 25. Qd3 Qc7 26. Nxb4 Rxa4 27. Na6 Qd6
28. Qc3 Rxa6 29. Rxd6 Nxd6 30. Bg2 f6 31. Bf1 Bf7 32. Kf2 Ra2 33. g5 Be6 34. g6
Ke7 35. Kg3 Ra1 36. Bd3 Ra8 37. Qxc6 Rc8 38. Qa4 Bc4 39. Bxc4 Rxc4 40. Qa3 Rc8
41. Bd2 Rd8 42. Bb4 Nf8 43. Qa7+ 1-0

[Event "2BLS 1718 SC Heusenstamm - SC Viernheim"]
[Site "?"]
[Date "2017.12.10"]
[Round "6.7"]
[White "Tarlev, Konstantin"]
[Black "Weichhold, Pawel"]
[Result "1-0"]
[WhiteElo "2541"]
[BlackElo "2421"]
[PlyCount "105"]
[EventDate "2017.??.??"]

1. e4 c5 2. Nf3 Nc6 3. d4 cxd4 4. Nxd4 g6 5. c4 Bg7 6. Be3 d6 7. Nc3 Nf6 8. Be2
O-O 9. O-O Bd7 10. Nc2 a6 11. f3 Rc8 12. Qd2 Be6 13. Nd5 Nd7 14. Rab1 Nc5 15.
b3 f5 16. b4 Nd7 17. b5 Nce5 18. Nd4 Bf7 19. bxa6 bxa6 20. exf5 Nxc4 21. Bxc4
Rxc4 22. Ne6 Bxe6 23. fxe6 Nf6 24. Nb6 Rc6 25. Rfc1 Qc7 26. a4 Rd8 27. Rxc6
Qxc6 28. Rc1 Qb7 29. a5 d5 30. Bf4 Ne8 31. g4 d4 32. Qd3 Nd6 33. Bxd6 exd6 34.
f4 d5 35. Re1 Qe7 36. Kg2 Qb4 37. e7 Re8 38. Qe2 Qd6 39. Qxa6 Qxf4 40. Qe2 Rxe7
41. Qxe7 Qxg4+ 42. Kf2 Qf4+ 43. Ke2 d3+ 44. Kxd3 Qd4+ 45. Ke2 Qg4+ 46. Ke3 Bh6+
47. Kd3 Qf3+ 48. Kc2 Qf5+ 49. Kb3 Qd3+ 50. Ka4 Qc2+ 51. Kb5 Qd3+ 52. Kc6 Qc2+
53. Kb7 1-0

[Event "2BLS 1718 SC Heusenstamm - SC Viernheim"]
[Site "?"]
[Date "2017.12.10"]
[Round "6.8"]
[White "Barski, Radoslaw"]
[Black "Beikert, Guenther"]
[Result "1-0"]
[WhiteElo "2452"]
[BlackElo "2418"]
[PlyCount "67"]
[EventDate "2017.??.??"]

1. e4 e5 2. Nf3 Nc6 3. Bb5 a6 4. Ba4 Nf6 5. O-O Be7 6. Re1 b5 7. Bb3 d6 8. c3
O-O 9. h3 Na5 10. Bc2 c5 11. d4 Qc7 12. Nbd2 cxd4 13. cxd4 Nc6 14. Nb3 a5 15.
Be3 a4 16. Nbd2 Bd7 17. Nf1 Rfc8 18. Re2 Qb7 19. Ng3 Bd8 20. dxe5 dxe5 21. Rd2
Ba5 22. Rd6 Bb4 23. Rxf6 gxf6 24. Nh4 Ne7 25. a3 Bc5 26. Bxc5 Rxc5 27. Qd6 Rxc2
28. Qxe7 Qc6 29. Nh5 Rc1+ 30. Kh2 Rxa1 31. Nxf6+ Kg7 32. Nxd7 Rc8 33. Nxe5 Rh1+
34. Kg3 1-0